|
|
|
|
| LEADER |
00000cam a22000004a 4500 |
| 001 |
musev2_89942 |
| 003 |
MdBmJHUP |
| 005 |
20230905053004.0 |
| 006 |
m o d |
| 007 |
cr||||||||nn|n |
| 008 |
210116s2021 mnu o 00 0 eng d |
| 020 |
|
|
|a 9781452961460
|
| 020 |
|
|
|z 9781517913748
|
| 035 |
|
|
|a (OCoLC)1231610511
|
| 040 |
|
|
|a MdBmJHUP
|c MdBmJHUP
|
| 100 |
1 |
|
|a Warren, Natalie.
|
| 245 |
1 |
0 |
|a Hudson Bay Bound :
|b Two Women, One Dog, Two Thousand Miles to the Arctic
|
| 264 |
|
1 |
|a Minneapolis :
|b University of Minnesota Press,
|c 2021.
|
| 264 |
|
3 |
|a Baltimore, Md. :
|b Project MUSE,
|c 2021
|
| 264 |
|
4 |
|c ©2021.
|
| 300 |
|
|
|a 1 online resource (224 pages).
|
| 336 |
|
|
|a text
|b txt
|2 rdacontent
|
| 337 |
|
|
|a computer
|b c
|2 rdamedia
|
| 338 |
|
|
|a online resource
|b cr
|2 rdacarrier
|
| 500 |
|
|
|a Description based upon print version of record.
|
| 505 |
0 |
|
|a Cover Page -- Title Page -- Copyright Page -- Dedication -- Contents -- Foreword -- Prologue -- From Palms to Pines -- Packing Out -- Flooded Upstream -- Against the Wind -- Meet Me at the Popcorn Stand -- River Races and Role Models -- Living the Dream, Downstream -- Danger before the Border -- At Home on the Big Lake -- Don't Wake the Beast -- Waiting for the Wind -- Escape from Gull Harbour -- A Tale of Tiny Boats -- Windbound to Norway House -- York Boats and Dog Days -- Into the Wild -- Pancakes and Portages -- Spring Break at Hell's Gate -- Knife Rapids -- Polar Bear Paradise
|
| 505 |
0 |
|
|a Afterword -- About the Author -- Plates
|
| 520 |
|
|
|a "The remarkable eighty-five-day journey of the first two women to canoe the 2,000-mile route from Minneapolis to Hudson Bay"--
|c Provided by publisher.
|
| 588 |
|
|
|a Description based on print version record.
|
| 650 |
|
7 |
|a Adventure and adventurers.
|2 fast
|0 (OCoLC)fst00797447
|
| 650 |
|
7 |
|a SPORTS & RECREATION / Canoeing
|2 bisacsh
|
| 650 |
|
0 |
|a Adventure and adventurers.
|
| 655 |
|
7 |
|a Electronic books.
|2 local
|
| 710 |
2 |
|
|a Project Muse.
|e distributor
|
| 830 |
|
0 |
|a Book collections on Project MUSE.
|
| 856 |
4 |
0 |
|z Texto completo
|u https://projectmuse.uam.elogim.com/book/89942/
|
| 945 |
|
|
|a Project MUSE - Custom Collection
|
| 945 |
|
|
|a Project MUSE - 2021 Complete
|
| 945 |
|
|
|a Project MUSE - 2021 US Regional Studies, Midwest
|
| 945 |
|
|
|a Project MUSE - 2021 American Studies
|